000 00781nam a2200265 i 4500
003 DO-SdBNP
005 20240826112456.0
007 ta
008 240826b1968 sp ||||| |||| 00| 0 spa d
040 _aDO-SdBNP
_bspa
_cBNPHU
_erda
082 4 _222
100 1 _aB. Castro, Cecilio de,
_929935
_eautor
245 1 3 _aLa noche de las luciernagas :
_bnovela /
_cCeciclio B. de Castro
264 _aBarcelona, España :
_bEditora Planeta, S.A.,
_c1968.
300 _a335 páginas ;
_c19 cm.
336 _2rdacontent
_atexto
_btxt
337 _2rdamedia
_asin mediación
_bn
338 _2rdacarrier
_avolumen
_bnc
490 _aautores españoles contemporáneos
590 _aInventariado, 2024/BT
650 _929936
650 _929937
910 _aBtavárez
942 _2ddc
_cLBS1
999 _c57548
_d57548